| 000 | 00500nam a2200169Ia 4500 | ||
|---|---|---|---|
| 003 | OSt | ||
| 005 | 20201013145809.0 | ||
| 008 | 190216s9999||||xx |||||||||||||| ||und|| | ||
| 020 | _a9788120718685 | ||
| 040 | _coclc | ||
| 082 |
_a338.4791 _bSET/S |
||
| 100 |
_aSeth, Pran Nath _95652 |
||
| 245 | 0 |
_aSuccessful Tourism Management / _cPran Nath Seth |
|
| 260 |
_bSterling Publishers, _c1999. _aNew Delhi: |
||
| 300 | _a367p | ||
| 942 |
_cBK _2ddc _h338.4791 _iSET/S _k338.4791 _mSET/S |
||
| 999 |
_c37275 _d37275 |
||